[Event "Chalkida Evoiki op 5th"]
[Site "Chalkida"]
[Date "2023.01.06"]
[Round "2"]
[White "Berbatis, Antonios"]
[Black "Nikolaou, Nikos"]
[Result "1-0"]
[WhiteElo "1850"]
[BlackElo "2385"]
[PlyCount "33"]
[EventDate "2023.01.05"]
[EventType "swiss"]
[EventRounds "7"]
[EventCountry "GRE"]
[SourceTitle "CBM 212 Extra"]
[Source "ChessBase"]
[SourceDate "2023.03.31"]
[SourceVersion "1"]
[SourceVersionDate "2023.03.31"]
[SourceQuality "1"]

1. e4 d6 2. d4 g6 3. f4 Nf6 4. Nc3 Bg7 5. Nf3 0-0 6. e5 Nfd7 7. Bc4 Nb6 8. Bb3 a6 9. a4 c5 10. dxc5 dxc5 11. Qxd8 Rxd8 12. Be3 N8d7 13. a5 Nxe5 14. fxe5 Nd7 15. e6 fxe6 16. Bxe6+ Kh8 17. 0-0-0 1-0